| 000 | 00445cam a22001451 4500 | ||
|---|---|---|---|
| 082 |
_a309.76054 _bGRI _cL-28,P-24 |
||
| 100 | 1 |
_aGriffiths, Percival Joseph, _937665 |
|
| 245 | 1 | 0 | _aBetter towns, a study of urban reconstruction in India. |
| 260 |
_aAllahabad, _bKitabistan _c[1945] |
||
| 300 |
_a98 p. _c19 cm. |
||
| 526 |
_a0 _b0 _c0 _d309_760540000000000_GRI |
||
| 650 | 0 |
_aCities and towns _zIndia. _937666 |
|
| 650 | 0 |
_aMCE _9379 |
|
| 942 |
_2ddc _cBK |
||
| 999 |
_c542484 _d542484 |
||